书目信息 |
| 题名: |
硅器件技术新进展
|
|
| 作者: | ;硅器件技术新进展编译组 编 | |
| 分册: | ||
| 出版信息: | 上海 上海科学技术文献出版社 1982 |
|
| 页数: | 167页 | |
| 开本: | 25cm | |
| 丛书名: | ||
| 单 册: | ||
| 中图分类: | TN304.1-11 | |
| 科图分类: | ||
| 主题词: | 元素半导体-硅-半导体器件--动态 , 半导体器件-元素半导体-硅--动态 , 硅-元素半导体-半导体器件--动态 | |
| 电子资源: | ||
| ISBN: | ||
| 000 | 00795nam0 2200253 45 | |
| 001 | 0182006457 | |
| 005 | 20060721165754.29 | |
| 010 | @dCNY1.35 | |
| 091 | @aCN@b15192.194 | |
| 100 | @a19950323d1982 emky0chiy0121 ea | |
| 101 | 1 | @achi |
| 102 | @aCN@b310000 | |
| 105 | @ay z 000yy | |
| 200 | 10 | @a硅器件技术新进展@Agui qi jian ji shu xin jin zhan@f《硅器件技术新进展》编译组编 |
| 210 | @a上海@c上海科学技术文献出版社@d1982 | |
| 215 | @a167页@d25cm | |
| 606 | @a元素半导体-硅-半导体器件@x动态 | |
| 606 | @a半导体器件-元素半导体-硅@x动态 | |
| 606 | @a硅-元素半导体-半导体器件@x动态 | |
| 690 | @aTN304.1-11@v3 | |
| 711 | 02 | @a硅器件技术新进展编译组@Agui qi jian ji shu xin jin zhan bian yi zu@4编 |
| 801 | 2 | @aCN@bNLC@c20060721 |
| 801 | 0 | @aCN@bTSSF |
| 905 | @a10447@dTN304.1-11@e36 | |
| 硅器件技术新进展/《硅器件技术新进展》编译组编.-上海:上海科学技术文献出版社,1982 |
| 167页;25cm |
| ISBN :CNY1.35 |
| ● |
| 相关链接 |
|
|
|
|
正题名:硅器件技术新进展
索取号:TN304.1-11/36
 
预约/预借
| 序号 | 登录号 | 条形码 | 馆藏地/架位号 | 状态 | 备注 |
| 1 | 0437529 | 204375292 | 密集书库/ [索取号:TN304.1-11/36] | 在馆 |